000 00330nam a22001457a 4500
999 _c161471
_d161471
082 _a
_b
100 _aRathnam Chetty
245 _aSarvodaya and freedom a gandhian appraisal/
_cby Rathnam Chetty.
260 _aNew Delhi:
_bDiscovery,
_c1991.
300 _a228p.
600 _a
650 _a
700 _a
942 _cBK